Sports Quiz

Random Sports or Olympics Quiz

Miracle on Ice Quiz Stats

 Plays Quiz Updated Jan 19, 2012

Score 0/23 Timer 06:00
2 Plays Today
Position Player % Correct
GJim Craig
83.5%
Head CoachHerb Brooks
82.9%
RWMike Eruzione
73.5%
CMark Johnson
70.6%
DJack O'Callahan
58.9%
Assistant CoachCraig Patrick
42.7%
LWRob McClanahan
38.5%
LWDave Silk
36%
DBob Suter
35.3%
DKen Morrow
34.3%
CNeal Broten
33.2%
DMike Ramsey
32.1%
Position Player % Correct
LWBuzz Schneider
31.2%
DBill Baker
28.8%
CMark Pavelich
27.1%
DDave Christian
27%
GSteve Janaszak
24.4%
LWPhil Verchota
22.8%
RWJohn Harrington
21.8%
LWMark Wells
18.5%
RWEric Strobel
17.4%
RWSteve Christoff
16.9%
Assistant CoachWarren Strelow
7.8%

You're not logged in!

Compare scores with friends on all Sporcle quizzes.
OR
Log In

Sporcle TV

Today on Sporcle TV


Watch our educational content, quiz creation guides, and fun videos on Sporcle TV.

Show Comments

Extras

Top Quizzes Today


Score Distribution

Your Account Isn't Verified!

In order to create a playlist on Sporcle, you need to verify the email address you used during registration. Go to your Sporcle Settings to finish the process.

Report this User

Report this user for behavior that violates our Community Guidelines.

Details: